Индукционная электрохимическая установка: полезная модель

Bibliographic Details
Main Author: Образцов С. В. Сергей Викторович
Corporate Author: Национальный исследовательский Томский политехнический университет (ТПУ)
Other Authors: Ивлеева А. М. Айгуль Муратовна, Орлов А. А. Алексей Алексеевич
Summary:опубл. 27.04.11
Полезная модель относится к области электротехники и может применяться для охлаждения групп тепловыделяющих элементов печатных плат.
Language:Russian
Published:
Subjects:
Online Access:http://www.fips.ru/Archive/PAT/2011FULL/2011.04.27/DOC/RUNWU1/000/000/000/104/005/document.pdf
Format: Electronic Book
KOHA link:https://koha.lib.tpu.ru/cgi-bin/koha/opac-detail.pl?biblionumber=648987

MARC

LEADER 00000nlm0a2200000 4500
001 648987
005 20231219163118.0
029 1 0 |a RU  |b 104005  |c Пат.  |d МПК H 05 K 7/20 
035 |a (RuTPU)RU\TPU\network\14146 
035 |a RU\TPU\network\14145 
039 0 |a RU  |b 2010127072/07  |c 20100701 
090 |a 648987 
100 |a 20160614j20110427k y0rusy50 ca 
101 0 |a rus 
102 |a RU 
105 |a a k 000zy 
135 |a drgn ---uucaa 
181 0 |a i  
182 0 |a b 
200 1 |a Индукционная электрохимическая установка  |e полезная модель  |f С. В. Образцов, А. М. Ивлеева, А. А. Орлов  |g Национальный исследовательский Томский политехнический университет (ТПУ) 
203 |a Текст  |c электронный 
300 |a опубл. 27.04.11 
330 |a Полезная модель относится к области электротехники и может применяться для охлаждения групп тепловыделяющих элементов печатных плат. 
610 1 |a патенты 
610 1 |a труды учёных ТПУ 
610 1 |a электронный ресурс 
610 1 |a изобретения 
610 1 |a полезные модели 
610 1 |a индукционные установки 
610 1 |a электрохимические установки 
610 1 |a охлаждение 
610 1 |a электротехника 
610 1 |a тепловыделяющие элементы 
610 1 |a печатные платы 
700 1 |a Образцов  |b С. В.  |g Сергей Викторович 
701 1 |a Ивлеева  |b А. М.  |c инженер-исследователь Томского политехнического университета  |f 1985-  |g Айгуль Муратовна  |3 (RuTPU)RU\TPU\pers\28276 
701 1 |a Орлов  |b А. А.  |c физик  |c профессор Томского политехнического университета, доктор технических наук  |f 1962-  |g Алексей Алексеевич  |3 (RuTPU)RU\TPU\pers\25498  |9 11434 
712 0 2 |a Национальный исследовательский Томский политехнический университет (ТПУ)  |c (2009- )  |3 (RuTPU)RU\TPU\col\15902 
801 1 |a RU  |b 63413507  |c 20120201 
801 2 |a RU  |b 63413507  |c 20160614  |g RCR 
856 4 |u http://www.fips.ru/Archive/PAT/2011FULL/2011.04.27/DOC/RUNWU1/000/000/000/104/005/document.pdf 
942 |c CF